Principles of poultry science

Bibliographic Details
Main Author: Rose, S. P. (Author)
Format: Book
Published: New York : CAB International , c1997
Subjects:

MARC

LEADER 00000cam a2200000 7i4500
001 0000050813
005 20190429093000.0
008 060904s1997
020 |a 085199122X 
090 0 0 |a SF487   |b .R77 1997 
100 1 |a Rose, S. P. ,   |e author 
245 0 0 |a Principles of poultry science   |c S.P. Rose 
260 |a New York :   |b CAB International ,   |c c1997 
300 |a x, 135 p. :   |b ill. ;   |c 24 cm. 
504 |a Includes bibliographical references 
650 0 |a Poultry 
999 |a 1000109390   |b Book   |c OPEN SHELF (30 DAYS)   |e Tembila Campus